Sources and limits of value creation in vertical margers

Motívy spájania podnikov. Vertikálna fúzia. Vertikálna integrácia ako rozhodovanie o výrobe alebo kúpe. Prínosy a náklady na trhoch. Prínosy a náklady dlhodobých kontraktov. Prínosy a náklady vertikálnej integrácie. Vertikálna integrácia a tvorba hodnoty.

Salvato in:
Dettagli Bibliografici
Autore principale: Polednáková, Anna, 1957-
Altri autori: Hrvoľová, Božena
Natura: Capitolo di libro
Lingua:slovacco
Soggetti:
Tags: Aggiungi Tag
Nessun Tag, puoi essere il primo ad aggiungerne!!

MARC

LEADER 00000nla a2200000 4500
001 0175950
005 20240502083417.6
041 0 |a slo 
044 |a CZ 
245 1 0 |a Sources and limits of value creation in vertical margers  |c Anna Polednáková, Božena Hrvoľová 
520 |a Motívy spájania podnikov. Vertikálna fúzia. Vertikálna integrácia ako rozhodovanie o výrobe alebo kúpe. Prínosy a náklady na trhoch. Prínosy a náklady dlhodobých kontraktov. Prínosy a náklady vertikálnej integrácie. Vertikálna integrácia a tvorba hodnoty. 
610 2 0 |a podnik 
610 2 0 |a fúzie 
610 2 0 |a integrácia vertikálna 
610 2 0 |a trh 
610 2 0 |a dodávatelia 
610 2 0 |a odberatelia 
610 2 0 |a zmluvy 
610 2 0 |a hodnota 
610 2 0 |a náklady 
100 1 |a Polednáková, Anna, 1957- 
700 1 |a Hrvoľová, Božena